The patriot (Record no. 186750)

000 -LEADER
fixed length control field 00404 a2200169 4500
003 - CONTROL NUMBER IDENTIFIER
control field Nust
005 - DATE AND TIME OF LATEST TRANSACTION
control field 20230525121403.0
040 ## - CATALOGING SOURCE
Transcribing agency Nust
082 ## - DEWEY DECIMAL CLASSIFICATION NUMBER
Classification number 823,BUC
100 ## - MAIN ENTRY--PERSONAL NAME
Personal name S. Buck, Pearl
9 (RLIN) 112589
245 ## - TITLE STATEMENT
Title The patriot
Statement of responsibility, etc. Pearl S. Buck
260 ## - PUBLICATION, DISTRIBUTION, ETC.
Place of publication, distribution, etc. London
Name of publisher, distributor, etc. Methuen & Co Ltd
Date of publication, distribution, etc. 1939
300 ## - PHYSICAL DESCRIPTION
Extent 371 p
Other physical details illus
Dimensions 18 cm
600 ## - SUBJECT ADDED ENTRY--PERSONAL NAME
Personal name S. Buck, Pearl
9 (RLIN) 112589
650 ## - SUBJECT ADDED ENTRY--TOPICAL TERM
Topical term or geographic name entry element Novel
9 (RLIN) 2525
942 ## - ADDED ENTRY ELEMENTS (KOHA)
Source of classification or shelving scheme
Koha item type Book
Holdings
Withdrawn status Lost status Source of classification or shelving scheme Damaged status Not for loan Permanent Location Current Location Shelving location Date acquired Full call number Barcode Date last seen Price effective from Koha item type Public note
          Military College of Signals (MCS) Military College of Signals (MCS) Fiction 12/12/2016 823,BUC MCS30136 12/08/2016 12/12/2016 Book Almirah No.57, Shelf No.5
© 2023 Central Library, National University of Sciences and Technology. All Rights Reserved.